Uncovering the hidden harvest : (Record no. 66789)
[ view plain ]
| 000 -LEADER | |
|---|---|
| fixed length control field | 01061nam a2200289 a 4500 |
| 001 - CONTROL NUMBER | |
| control field | 66789 |
| 003 - CONTROL NUMBER IDENTIFIER | |
| rucl marc code | BD-RjUL |
| 005 - DATE AND TIME OF LATEST TRANSACTION | |
| control field | 20211209081558.0 |
| 008 - FIXED-LENGTH DATA ELEMENTS--GENERAL INFORMATION | |
| fixed length control field | 170320s2002 enka b 001 0 eng |
| 020 ## - INTERNATIONAL STANDARD BOOK NUMBER | |
| International Standard Book Number | 1853838098 (pbk.) |
| 035 ## - SYSTEM CONTROL NUMBER | |
| System control number | (BD-RjUL)66920 |
| 040 ## - CATALOGING SOURCE | |
| Original cataloging agency | DLC |
| Transcribing agency | DLC |
| Modifying agency | BD-RjUL |
| Language of cataloging | eng |
| 041 ## - LANGUAGE CODE | |
| Language code of text/sound track or separate title | eng |
| 082 00 - DEWEY DECIMAL CLASSIFICATION NUMBER | |
| Classification number | 634.98 |
| Edition number | 23 |
| Author mark and year | UNC 2002 |
| 245 00 - TITLE STATEMENT | |
| Title | Uncovering the hidden harvest : |
| Remainder of title | valuation methods for woodland and forest resources / |
| Statement of responsibility, etc. | edited by Bruce M. Campbell and Martin K. Luckert. |
| 260 ## - PUBLICATION, DISTRIBUTION, ETC. (IMPRINT) | |
| Place of publication, distribution, etc. | London : |
| Name of publisher, distributor, etc. | Earthscan Publications, |
| Date of publication, distribution, etc. | 2002. |
| 300 ## - PHYSICAL DESCRIPTION | |
| Pagination | xii, 262 p. : |
| Illustrations | ill. ; |
| Size | 24 cm. |
| 490 1# - SERIES STATEMENT | |
| Series statement | People and plants conservation manuals |
| 504 ## - BIBLIOGRAPHY, ETC. NOTE | |
| Bibliography, etc | Includes bibliographical references |
| 650 #0 - SUBJECT ADDED ENTRY--TOPICAL TERM | |
| Topical term or geographic name as entry element | Forest products |
| General subdivision | Economic aspects. |
| 9 (RLIN) | 197727 |
| Topical term or geographic name as entry element | Forests and forestry |
| General subdivision | Economic aspects. |
| 9 (RLIN) | 174064 |
| 700 1# - ADDED ENTRY--PERSONAL NAME | |
| Personal name | Campbell, B. M. |
| Fuller form of name | (Bruce Morgan), |
| Dates associated with a name | 1953- |
| Personal name | Luckert, Martin Karl, |
| Dates associated with a name | 1961- |
| 830 #0 - SERIES ADDED ENTRY--UNIFORM TITLE | |
| Uniform title | People and plants conservation manuals |
| 942 ## - ADDED ENTRY ELEMENTS (KOHA) | |
| Source of classification or shelving scheme | Dewey Decimal Classification |
| Koha item type | Books |
| Lost status | Source of classification or shelving scheme | Damaged status | Not for loan | Collection code | Permanent Location | Current Location | Shelving location | Date acquired | Source of acquisition | Total Checkouts | Full call number | Date last seen | Copy number | Koha item type |
|---|---|---|---|---|---|---|---|---|---|---|---|---|---|---|
| Dewey Decimal Classification | Not For Loan | Non-fiction | Central Library, University of Rajshahi | Central Library, University of Rajshahi | Reading Room | 19/02/2013 | R.U.C.L | 634.98 UNC 2002 | 20/03/2017 | C-1 | Books |